<?xml version="1.0" encoding="UTF-8"?><?xml-stylesheet type="text/xsl" href="static/style.xsl"?><OAI-PMH xmlns="http://www.openarchives.org/OAI/2.0/" xmlns:xsi="http://www.w3.org/2001/XMLSchema-instance" xsi:schemaLocation="http://www.openarchives.org/OAI/2.0/ http://www.openarchives.org/OAI/2.0/OAI-PMH.xsd"><responseDate>2026-04-28T19:16:54Z</responseDate><request verb="GetRecord" identifier="oai:uvadoc.uva.es:10324/3146" metadataPrefix="marc">https://uvadoc.uva.es/oai/request</request><GetRecord><record><header><identifier>oai:uvadoc.uva.es:10324/3146</identifier><datestamp>2021-06-29T09:31:24Z</datestamp><setSpec>com_10324_38</setSpec><setSpec>col_10324_852</setSpec></header><metadata><record xmlns="http://www.loc.gov/MARC21/slim" xmlns:doc="http://www.lyncode.com/xoai" xmlns:xsi="http://www.w3.org/2001/XMLSchema-instance" xmlns:dcterms="http://purl.org/dc/terms/" xsi:schemaLocation="http://www.loc.gov/MARC21/slim http://www.loc.gov/standards/marcxml/schema/MARC21slim.xsd">
<leader>00925njm 22002777a 4500</leader>
<datafield tag="042" ind1=" " ind2=" ">
<subfield code="a">dc</subfield>
</datafield>
<datafield tag="720" ind1=" " ind2=" ">
<subfield code="a">Elvira Redondo, Marcos</subfield>
<subfield code="e">author</subfield>
</datafield>
<datafield tag="260" ind1=" " ind2=" ">
<subfield code="c">2013</subfield>
</datafield>
<datafield tag="520" ind1=" " ind2=" ">
<subfield code="a">El cine no es solo ocio, es también un importante recurso educativo que no se tiene en cuenta hoy en día. Aprender a ver cine y aprender mediante su visionado es algo necesario en la sociedad actual, los niños deben trabajar con esta herramienta. El cine debe comenzar a verse como una nueva fuente de conocimiento, como si de un libro se tratase.  En este documento se defiende el cine como recurso pedagógico enfocado a la educación en valores, se pretende demostrar como mediante la utilización de este recurso podemos incidir en la educación de los alumnos, fomentando actitudes enfocadas a considerar el esfuerzo como una filosofía de vida.</subfield>
</datafield>
<datafield tag="024" ind2=" " ind1="8">
<subfield code="a">http://uvadoc.uva.es/handle/10324/3146</subfield>
</datafield>
<datafield ind1=" " ind2=" " tag="653">
<subfield code="a">Cine en la educación</subfield>
</datafield>
<datafield ind1=" " ind2=" " tag="653">
<subfield code="a">Educación en valores</subfield>
</datafield>
<datafield tag="245" ind1="0" ind2="0">
<subfield code="a">El valor del esfuerzo a través del cine</subfield>
</datafield>
</record></metadata></record></GetRecord></OAI-PMH>